Statistics for Mincraft Mobs Quiz

Click here to take the quiz!

General Stats

  • This quiz has been taken 555 times
  • The average score is 11 of 15

Answer Stats

HintAnswer% Correct
He explodesCreeper
89%
He likes to mooCow
78%
TeleportsEnderman
78%
They throw potionsWitch
78%
The final bossEnder Dragon
77%
Protects the villagersIron Golem
77%
Colect wool from himSheep
76%
They like goldPiglin
73%
He shoots fireballs out of his mouthGhast
72%
Has three headsWither
68%
Summoned by the witherWither Skeleton
67%
15% when you throw an enderpearlEndermite
66%
They come when you dont sleepPhantom
64%
He fly's aroundVex
62%
He made of sulkWarden
44%

Score Distribution

Percentile by Number Answered

Percent of People with Each Score

Your Score History

You have not taken this quiz